Advances in Computer System Security /
Guardat en:
| Autor principal: | |
|---|---|
| Format: | Sách giấy |
| Idioma: | English |
| Publicat: |
Dedham, Massachusetts :
Artech Gouse,
1981.
|
| Etiquetes: |
Afegir etiqueta
Sense etiquetes, Sigues el primer a etiquetar aquest registre!
|
| Thư viện lưu trữ: | Thư viện Trường Đại học Đà Lạt |
|---|
| LEADER | 00615nam a2200265 4500 | ||
|---|---|---|---|
| 001 | DLU020000077 | ||
| 005 | ##19980311 | ||
| 020 | # | # | |a 0-89006-096-7 |
| 040 | # | # | |a DLU |b vie |
| 041 | # | # | |a eng |
| 044 | # | # | |a us |
| 082 | # | # | |a 658.478 |b TU-R |
| 100 | # | # | |a Turn, Rein. |
| 245 | # | # | |a Advances in Computer System Security / |c Rein Turn. |
| 260 | # | # | |a Dedham, Massachusetts : |b Artech Gouse, |c 1981. |
| 300 | # | # | |a 403 tr. ; |c 27 cm. |
| 992 | # | # | |a 16000 |
| 994 | # | # | |a DLU |
| 900 | # | # | |a False |
| 911 | # | # | |a Administrator |
| 925 | # | # | |a G |
| 926 | # | # | |a A |
| 927 | # | # | |a SH |
| 980 | # | # | |a Thư viện Trường Đại học Đà Lạt |


